| 000 | 00579nam a22001577a 4500 | ||
|---|---|---|---|
| 020 | _qHard Cover. | ||
| 082 | _a621.3 | ||
| 100 | _aWaheed, Sadia | ||
| 245 |
_aAsymptotic Tracking of Quadrotator UAV via Multilayer Neural Networks, Robust Integral of Sign of Error (RISE) and Saturated RISE / _cSadia Waheed |
||
| 260 |
_aIslamabad : _bCEME - NUST, _c2015. |
||
| 300 |
_axiii, 69 p. : ill. ; _c30cm. |
||
| 650 |
_aElectrical Engineering-MS-Thesis _916073 |
||
| 700 |
_aDr. Muwahida Liaquat _917301 |
||
| 942 |
_2ddc _cTHE |
||
| 999 |
_c536497 _d536497 |
||